000 03300cam a22011774i 4500
003 PE-LiUPU
005 20250813185720.0
008 2308s2023 sp a rb 001 0 spa d
020 _a9788441548244
035 _aPE-LiUPU2025060301
040 _aPE-LiUPU
_bspa
_cPE-LiUPU
_erda
082 0 4 _a332.178
_bA735c
_223
100 1 _aArmstrong, Ben
_eautor.
_95352
245 1 0 _aCriptomonedas al día :
_bla guía sobre bitcoin y la nueva economía digital /
_cBen Armstrong ; prólogo de Raoul Pal.
264 1 _aMadrid :
_bEdiciones Anaya Multimedia,
_c2023.
300 _a223 páginas :
_bilustraciones ;
_c24 cm.
336 _atext
_2rdacontent
337 _aunmediated
_2rdamedia
338 _avolume
_2rdacarrier
504 _aIncluye referencias bibliográficas.
505 0 _aLa gran devaluación -- El árbol del dinero digital -- Gigantes de la primera generación -- El bloque génesis -- Un breve curso de blockchain -- Un mal necesario -- "Mo' Money, Mo' problems" -- ¿Qué diablos es la bifurcación? -- Ha nacido el futuro -- La transformación del oro digital -- El punto de inflexión -- Una nueva capa para internet -- Un mundo feliz -- Prepararse para invertir -- Consejos del oficio -- Los tókenes no fungibles (NFT) -- La Web3 y el metaverso -- Cripto FUD -- Criptoadvertencias -- El futuro de "cripto" -- ¿A dónde vamos ahora?
526 _aP202
526 _aP201
526 _aP163
526 _aP162
526 _aP161
526 _aP160
526 _aP148
526 _aP147
526 _aP146
526 _aP145
526 _aP144
526 _aP143
526 _aP142
526 _aP141
526 _aP140
526 _aP139
526 _aP138
526 _aP137
526 _aP136
526 _aP135
526 _aP134
526 _aP133
526 _aP129
526 _aP128
526 _aP127
526 _aP120
526 _aP119
526 _aP118
526 _aP116
526 _aP115
526 _aP114
526 _aP110
526 _aP109
526 _aP108
526 _aP104
526 _aP103
526 _aP102
526 _aP99
526 _aP98
526 _aP97
526 _aP96
526 _aP95
526 _aP93
526 _aP90
526 _aP89
526 _aP88
526 _aP83
526 _aP82
526 _aP62
526 _aP59
526 _aP58
526 _aP57
526 _aP51
526 _aP49
526 _aP48
526 _aP47
526 _aP29
526 _aP24
526 _aP20
526 _aP19
526 _aP17
526 _aP15
526 _aP14
526 _aP12
526 _aP10
526 _aP09
526 _aP08
526 _aP07
526 _aP06
526 _aP05
526 _aP04
526 _aP01
650 1 4 _aBanca electrónica
_95333
650 2 0 _aCriptomonedas
_xAspectos económicos.
_95384
650 2 4 _aTransferencias electrónicas de beneficios.
_95334
856 4 0 _uhttps://www.anayamultimedia.es/libro/criptomonedas-al-dia_128074/
_zAcceso en línea al recurso editorial.
942 _2ddc
_cBK
980 _621515
_aROMINA COBOS Adquisiciones
_81
_gALBERTO SANCHEZ Responsable de Automatización
999 _c62959
_d62958